[Event "Riga Tech Rapid op"]
[Site "Riga"]
[Date "2023.08.06"]
[Round "5"]
[White "Dahl, Max"]
[Black "Arikov, Artem"]
[Result "1-0"]
[WhiteElo "2175"]
[BlackElo "2365"]
[PlyCount "111"]
[EventDate "2023.08.06"]
[EventType "swiss (rapid)"]
[EventRounds "9"]
[EventCountry "LAT"]
[SourceTitle "CBM 215 Extra"]
[Source "ChessBase"]
[SourceDate "2023.09.30"]
[SourceVersion "1"]
[SourceVersionDate "2023.09.30"]
[SourceQuality "1"]

1. d4 Nf6 2. Nf3 e6 3. Bf4 b6 4. e3 Bb7 5. Nbd2 Be7 6. Bd3 d5 7. 0-0 Nbd7 8. c3 Ne4 9. h3 Bd6 10. Qc2 Bxf4 11. exf4 Ndf6 12. Ne5 0-0 13. Nxe4 Nxe4 14. f3 Ng3 15. Rfe1 Qh4 16. f5 Bc8 17. fxe6 Bxe6 18. Qf2 Qf4 19. Qe3 Nh5 20. Qxf4 Nxf4 21. Bf1 h5 22. h4 Bf5 23. g3 Ne6 24. Nc6 Rfe8 25. Ba6 f6 26. Bb7 Kf7 27. Bxa8 Rxa8 28. Nb4 Rd8 29. Rad1 a5 30. Nd3 Rg8 31. Nf4 Nxf4 32. gxf4 Rd8 33. Re3 Rd7 34. Rde1 Bg6 35. Re8 Bf5 36. Rh8 Bd3 37. Kf2 Bg6 38. Ree8 Bf5 39. Rhf8+ Kg6 40. Rd8 Re7 41. Rfe8 Kf7 42. Rxe7+ Kxe7 43. Rg8 Kf7 44. Rb8 Ke7 45. Ke3 Be6 46. b4 axb4 47. cxb4 Kd6 48. a4 Kc6 49. Re8 Bf5 50. Re7 g6 51. Rf7 Bc2 52. Rxf6+ Kb7 53. a5 Ka6 54. Rc6 Bf5 55. Rxc7 bxa5 56. bxa5 1-0

[Event "Riga Tech Rapid op"]
[Site "Riga"]
[Date "2023.08.06"]
[Round "4"]
[White "Sivuk, Vitaly"]
[Black "Dahl, Max"]
[Result "1-0"]
[WhiteElo "2459"]
[BlackElo "2175"]
[PlyCount "105"]
[EventDate "2023.08.06"]
[EventType "swiss (rapid)"]
[EventRounds "9"]
[EventCountry "LAT"]
[SourceTitle "CBM 215 Extra"]
[Source "ChessBase"]
[SourceDate "2023.09.30"]
[SourceVersion "1"]
[SourceVersionDate "2023.09.30"]
[SourceQuality "1"]

1. d4 d5 2. c4 e6 3. Nc3 Nf6 4. cxd5 exd5 5. Bg5 Be7 6. e3 c6 7. Bd3 0-0 8. Qc2 h6 9. Bf4 Bd6 10. Bg3 a5 11. Nf3 Re8 12. a3 Qe7 13. Bxd6 Qxd6 14. h3 Be6 15. 0-0 Nbd7 16. Rfc1 Nb6 17. Nd2 Nfd7 18. b3 Qe7 19. Qb2 Rec8 20. b4 axb4 21. axb4 Nc4 22. Bxc4 dxc4 23. b5 Qg5 24. Kh2 Rxa1 25. Rxa1 cxb5 26. Nde4 Qg6 27. Qxb5 Nf6 28. Nd6 Rb8 29. e4 Bd7 30. Qe5 Qh5 31. Qxh5 Nxh5 32. Ra7 Nf4 33. Nxb7 Nd3 34. f3 Bc8 35. Nd6 Rb3 36. Ra8 Rxc3 37. Rxc8+ Kh7 38. Rxc4 Rb3 39. Nxf7 Rb2 40. Kg3 Ne1 41. Kf4 Nxg2+ 42. Ke5 Kg6 43. Nd6 Ne3 44. Rc6 Kh7 45. Nf5 Nxf5 46. Kxf5 Rf2 47. Rc3 Rh2 48. f4 Rd2 49. d5 h5 50. Ke6 Kg6 51. d6 Re2 52. e5 h4 53. Rd3 1-0

[Event "Fagernes op-A"]
[Site "Fagernes"]
[Date "2023.04.02"]
[Round "1"]
[White "Dahl, Max"]
[Black "Socko, Monika"]
[Result "1/2-1/2"]
[WhiteElo "2152"]
[BlackElo "2440"]
[PlyCount "116"]
[EventDate "2023.04.02"]
[EventType "swiss"]
[EventRounds "9"]
[EventCountry "NOR"]
[SourceTitle "CBM 213 Extra"]
[Source "ChessBase"]
[SourceDate "2023.05.31"]
[SourceVersion "1"]
[SourceVersionDate "2023.05.31"]
[SourceQuality "1"]

1. e4 e6 2. d4 d5 3. Nc3 Bb4 4. e5 Ne7 5. a3 Bxc3+ 6. bxc3 c5 7. a4 Qc7 8. Nf3 Nbc6 9. Be2 cxd4 10. cxd4 Nb4 11. Rb1 a5 12. Bb5+ Bd7 13. Bxd7+ Kxd7 14. 0-0 Rhc8 15. Ne1 Qc4 16. Bb2 Rab8 17. c3 Na2 18. Qh5 Nxc3 19. Bxc3 Qxc3 20. Nf3 Rf8 21. Qxh7 Nf5 22. Qh5 Nxd4 23. Nxd4 Qxd4 24. Rfc1 b6 25. h3 Qxa4 26. Qg5 Qa3 27. Qxg7 a4 28. Qg4 Rfc8 29. Qf4 Ke8 30. Kh2 Rxc1 31. Rxc1 Qe7 32. Qxa4+ b5 33. Qa5 b4 34. Rc7 Qg5 35. Qa7 Qxe5+ 36. g3 Rd8 37. Rxf7 Qd6 38. Rh7 Rd7 39. Rxd7 Qxd7 40. Qb8+ Kf7 41. Qxb4 d4 42. Qd2 Qd5 43. Qd3 Qc5 44. Kg2 Qc3 45. Qd1 e5 46. Kf1 d3 47. f3 Ke6 48. Kf2 Qd4+ 49. Kf1 Qc3 50. Kf2 Qd4+ 51. Kf1 Qe3 52. Qb3+ Kf6 53. Qd1 d2 54. h4 Ke6 55. Qe2 Qd4 56. Qd1 Qe3 57. Qe2 Qd4 58. Qd1 Qe3 1/2-1/2

[Event "EU-ch U18 30th"]
[Site "Antalya"]
[Date "2022.11.14"]
[Round "9"]
[White "Czernek, Tymon"]
[Black "Dahl, Max"]
[Result "1/2-1/2"]
[WhiteElo "2340"]
[BlackElo "2152"]
[PlyCount "77"]
[EventDate "2022.11.06"]
[EventType "swiss"]
[EventRounds "9"]
[EventCountry "TUR"]
[SourceTitle "EXT 2024"]
[Source "ChessBase"]
[SourceDate "2023.10.10"]
[SourceVersion "1"]
[SourceVersionDate "2023.10.10"]
[SourceQuality "1"]

1. e4 c6 2. d4 d5 3. f3 e6 4. Nc3 Nf6 5. e5 Nfd7 6. f4 c5 7. Nf3 Nc6 8. Be3 a6 9. Qd2 b5 10. dxc5 Bxc5 11. Bd3 Qb6 12. Bf2 h6 13. 0-0 Bxf2+ 14. Qxf2 Qxf2+ 15. Rxf2 Bb7 16. Ne2 g5 17. Ned4 Nxd4 18. Nxd4 gxf4 19. Re1 Ke7 20. Rxf4 Rag8 21. Re3 h5 22. h3 Rg5 23. Nf3 Rg7 24. a4 bxa4 25. Rxa4 d4 26. Rxd4 Bxf3 27. Rxf3 Nxe5 28. Re3 Nxd3 29. Rexd3 Rhg8 30. Rd2 f5 31. Ra4 Rb8 32. c4 Rb6 33. c5 Rc6 34. b4 Kf6 35. Rda2 Rb7 36. Kf2 a5 37. bxa5 Rxc5 38. a6 Ra7 39. Ke3 1/2-1/2

[Event "EU-ch U18 30th"]
[Site "Antalya"]
[Date "2022.11.13"]
[Round "8"]
[White "Dahl, Max"]
[Black "Risteski, Emil"]
[Result "0-1"]
[WhiteElo "2152"]
[BlackElo "2371"]
[PlyCount "88"]
[EventDate "2022.11.06"]
[EventType "swiss"]
[EventRounds "9"]
[EventCountry "TUR"]
[SourceTitle "EXT 2024"]
[Source "ChessBase"]
[SourceDate "2023.10.10"]
[SourceVersion "1"]
[SourceVersionDate "2023.10.10"]
[SourceQuality "1"]

1. d4 Nf6 2. c4 g6 3. Nc3 Bg7 4. e4 d6 5. Nf3 0-0 6. Be2 Na6 7. 0-0 e5 8. h3 exd4 9. Nxd4 Nc5 10. Bf3 a5 11. Re1 Re8 12. Bf4 Nfd7 13. Be3 c6 14. Qc2 Qb6 15. Rad1 a4 16. Be2 Qa5 17. Bf1 Qc7 18. f3 Nf6 19. Bf2 Nh5 20. Nce2 Be5 21. g4 Nf4 22. Nxf4 Bxf4 23. Ne2 Be5 24. Bg2 Ne6 25. Qd2 g5 26. Be3 f6 27. f4 gxf4 28. Nxf4 Nxf4 29. Bxf4 Qb6+ 30. Kh1 Qxb2 31. Qxb2 Bxb2 32. Rxd6 Be6 33. Bf1 a3 34. Kg2 Ra4 35. Kf3 Bxc4 36. Bxc4+ Rxc4 37. Rd7 Rc3+ 38. Re3 Rxe3+ 39. Bxe3 b5 40. Rb7 Rd8 41. Bc5 Rd3+ 42. Kf4 Rxh3 43. g5 Rh5 44. Rb8+ Kf7 0-1

[Event "Riga Tech op 11th"]
[Site "Riga"]
[Date "2022.08.20"]
[Round "8"]
[White "Glek, Igor Vladimirovich"]
[Black "Dahl, Max"]
[Result "1/2-1/2"]
[WhiteElo "2467"]
[BlackElo "2166"]
[PlyCount "92"]
[EventDate "2022.08.15"]
[EventType "swiss"]
[EventRounds "9"]
[EventCountry "LAT"]
[SourceTitle "CBM 209 Extra"]
[Source "ChessBase"]
[SourceDate "2022.09.30"]
[SourceVersion "1"]
[SourceVersionDate "2022.09.30"]
[SourceQuality "1"]

1. e4 c6 2. Nf3 d5 3. d3 dxe4 4. dxe4 Qxd1+ 5. Kxd1 Bg4 6. Nbd2 Nd7 7. h3 Bxf3+ 8. Nxf3 e6 9. Bd3 Bc5 10. Ke2 Ne7 11. c3 a5 12. a4 Ng6 13. Bc2 e5 14. g3 Ke7 15. Nd2 Ngf8 16. Nc4 Ne6 17. f4 f6 18. Rf1 h6 19. h4 g5 20. f5 Nd8 21. Nxa5 Rxa5 22. b4 Bxb4 23. cxb4 Ra8 24. Be3 Nf7 25. Rh1 Nd6 26. Bd3 Rad8 27. Rh2 Rdg8 28. Kf2 h5 29. Rah1 g4 30. Rc1 Ra8 31. a5 Rhc8 32. Ke1 Nb5 33. Bxb5 cxb5 34. Rhc2 Rxc2 35. Rxc2 Kd8 36. Rd2 Rc8 37. Rd5 Rc4 38. Rxb5 Kc7 39. a6 bxa6 40. Ra5 Rxe4 41. Kd2 Rxb4 42. Rxa6 Rb2+ 43. Ke1 Rb3 44. Ke2 Rb2+ 45. Ke1 Rb3 46. Ke2 Rb2+ 1/2-1/2

[Event "Riga Tech op 11th"]
[Site "Riga"]
[Date "2022.08.16"]
[Round "2"]
[White "Kulaots, Kaido"]
[Black "Dahl, Max"]
[Result "1-0"]
[WhiteElo "2538"]
[BlackElo "2166"]
[PlyCount "101"]
[EventDate "2022.08.15"]
[EventType "swiss"]
[EventRounds "9"]
[EventCountry "LAT"]
[SourceTitle "CBM 209 Extra"]
[Source "ChessBase"]
[SourceDate "2022.09.30"]
[SourceVersion "1"]
[SourceVersionDate "2022.09.30"]
[SourceQuality "1"]

1. c4 e6 2. Nc3 d5 3. d4 Nf6 4. cxd5 exd5 5. Bg5 Be7 6. e3 c6 7. Bd3 Nbd7 8. Nge2 Nh5 9. Bxe7 Qxe7 10. g4 Nhf6 11. Ng3 h6 12. h3 Nb6 13. Qc2 Be6 14. 0-0-0 0-0-0 15. f3 Kb8 16. Kb1 Rhe8 17. Rhe1 Bc8 18. Qf2 Qd6 19. Nge2 Nc4 20. Bxc4 dxc4 21. e4 Qb4 22. Rd2 Re7 23. Red1 Qb6 24. h4 Ka8 25. Qh2 Qc7 26. Qg2 Red7 27. Ng3 g6 28. Nf1 b6 29. Ne3 b5 30. e5 Nd5 31. Nexd5 cxd5 32. Nxb5 Qb6 33. Nc3 Qa5 34. f4 Rb7 35. Ka1 Be6 36. Qf3 h5 37. gxh5 Bf5 38. hxg6 fxg6 39. h5 gxh5 40. Qxh5 Bd3 41. Qf3 Qb6 42. Qf2 Rf7 43. Rh1 Qe6 44. Qf3 Rg7 45. Rg2 Rxg2 46. Qxg2 Rg8 47. Qxd5+ Qxd5 48. Nxd5 Be4 49. Nf6 Bxh1 50. Nxg8 Be4 51. e6 1-0

[Event "NOR-chT Clubs"]
[Site "Drammen"]
[Date "2022.05.26"]
[Round "5"]
[White "Romanov, Evgeny"]
[Black "Dahl, Max"]
[Result "1-0"]
[WhiteElo "2573"]
[BlackElo "2131"]
[PlyCount "59"]
[EventDate "2022.05.26"]
[EventType "team-swiss"]
[EventRounds "6"]
[EventCountry "NOR"]
[SourceTitle "EXT 2024"]
[Source "ChessBase"]
[SourceDate "2023.10.10"]
[SourceVersion "1"]
[SourceVersionDate "2023.10.10"]
[SourceQuality "1"]
[WhiteTeam "Valerenga"]
[BlackTeam "Oslo SK 1911"]
[WhiteTeamCountry "NOR"]
[BlackTeamCountry "NOR"]

1. g3 d5 2. Bg2 Nf6 3. d3 e5 4. Nf3 Bd6 5. c4 c6 6. cxd5 cxd5 7. Bg5 Be6 8. Bxf6 gxf6 9. 0-0 Nc6 10. e3 Qd7 11. Nc3 Be7 12. Rc1 Rc8 13. Nh4 f5 14. Qh5 d4 15. exd4 Nxd4 16. Rfe1 Qd6 17. Nf3 Nxf3+ 18. Qxf3 0-0 19. Bh3 Bf6 20. Bxf5 Bg7 21. Bxe6 Qxe6 22. d4 Qb6 23. Nd5 Rxc1 24. Rxc1 Qxb2 25. Rc7 Qa1+ 26. Kg2 Qxd4 27. Ne7+ Kh8 28. Nf5 e4 29. Qg4 b5 30. Nxd4 1-0

[Event "Fagernes op"]
[Site "Fagernes"]
[Date "2022.04.16"]
[Round "8"]
[White "Oye Stromberg, Alexander"]
[Black "Dahl, Max"]
[Result "1-0"]
[WhiteElo "2157"]
[BlackElo "2054"]
[PlyCount "79"]
[EventDate "2022.04.10"]
[EventType "swiss"]
[EventRounds "9"]
[EventCountry "NOR"]
[SourceTitle "CBM 207 Extra"]
[Source "ChessBase"]
[SourceDate "2022.05.31"]
[SourceVersion "1"]
[SourceVersionDate "2022.05.31"]
[SourceQuality "1"]

1. e4 e6 2. d4 d5 3. Nc3 Nf6 4. e5 Nfd7 5. f4 c5 6. Nf3 Nc6 7. Be3 a6 8. Qd2 b5 9. h4 Qa5 10. h5 h6 11. g4 cxd4 12. Nxd4 Nxd4 13. Bxd4 Bc5 14. Ne2 Qxd2+ 15. Kxd2 Ke7 16. c3 f6 17. Bg2 Bb7 18. exf6+ gxf6 19. Rae1 Rhg8 20. Bh3 Rae8 21. Nc1 Kd6 22. Nd3 Bxd4 23. cxd4 Bc8 24. Rhf1 Re7 25. Rf2 Rge8 26. Rfe2 a5 27. Rc1 Nb6 28. b3 Rc7 29. Rc5 Ba6 30. f5 Rce7 31. Rxe6+ Rxe6 32. fxe6 Rxe6 33. g5 Re4 34. g6 Re8 35. Nf4 Re4 36. Ne6 Nd7 37. g7 Rxe6 38. Bxe6 Nxc5 39. dxc5+ Kxe6 40. g8Q+ 1-0

[Event "Fagernes op"]
[Site "Fagernes"]
[Date "2021.10.12"]
[Round "3"]
[White "Oye Stromberg, Alexander"]
[Black "Dahl, Max"]
[Result "1-0"]
[WhiteElo "2111"]
[BlackElo "2041"]
[PlyCount "117"]
[EventDate "2021.10.10"]
[EventType "swiss"]
[EventRounds "9"]
[EventCountry "NOR"]
[SourceTitle "CBM 204 Extra"]
[Source "ChessBase"]
[SourceDate "2021.11.30"]
[SourceVersion "1"]
[SourceVersionDate "2021.11.30"]
[SourceQuality "1"]

1. e4 e6 2. d4 d5 3. Nc3 Nf6 4. Bg5 Be7 5. e5 Nfd7 6. Bxe7 Qxe7 7. Bd3 a6 8. Nce2 c5 9. c3 Nc6 10. Qd2 b5 11. f4 Nb6 12. Nf3 Nc4 13. Qc1 Bb7 14. 0-0 cxd4 15. Nexd4 Nxd4 16. Nxd4 g6 17. Kh1 h5 18. a3 Rc8 19. Re1 Rg8 20. Re2 Kd8 21. Qg1 Rc7 22. Qe1 h4 23. h3 g5 24. f5 g4 25. f6 Qf8 26. Qxh4 Kc8 27. g3 gxh3 28. Kh2 Kb8 29. Qf4 Qc5 30. Rf1 Rcc8 31. g4 Rcf8 32. Rf3 Rh8 33. g5 Bc8 34. Rg3 Rfg8 35. g6 fxg6 36. f7 Rf8 37. Rxg6 Rh7 38. Rf6 Rg7 39. Bg6 Qc7 40. Nxe6 Bxe6 41. Rxe6 Rgxf7 42. Bxf7 Rxf7 43. Qd4 Rg7 44. Re8+ Kb7 45. Qxd5+ Kb6 46. Re6+ Ka7 47. Qc6 Qxc6 48. Rxc6 Re7 49. e6 Kb7 50. Rxc4 bxc4 51. Kxh3 Kc6 52. Kg4 Rg7+ 53. Kf5 Kd6 54. Kf6 Rg3 55. e7 Rf3+ 56. Kg5 Rg3+ 57. Kf4 Rg8 58. e8Q Rxe8 59. Rxe8 1-0

[Event "Fagernes op"]
[Site "Fagernes"]
[Date "2021.10.10"]
[Round "1"]
[White "Dahl, Max"]
[Black "Abdrlauf, Elham"]
[Result "0-1"]
[WhiteElo "2041"]
[BlackElo "2334"]
[PlyCount "118"]
[EventDate "2021.10.10"]
[EventType "swiss"]
[EventRounds "9"]
[EventCountry "NOR"]
[SourceTitle "CBM 204 Extra"]
[Source "ChessBase"]
[SourceDate "2021.11.30"]
[SourceVersion "1"]
[SourceVersionDate "2021.11.30"]
[SourceQuality "1"]

1. c4 e5 2. Nc3 Nf6 3. Nf3 e4 4. Ng5 c6 5. Ngxe4 Nxe4 6. Nxe4 d5 7. cxd5 cxd5 8. Nc3 d4 9. Nb1 Nc6 10. d3 Bb4+ 11. Bd2 Bd6 12. e3 0-0 13. Be2 dxe3 14. Bxe3 f5 15. Nc3 Qe7 16. g3 Be6 17. Qd2 Nb4 18. a3 Nd5 19. Bf3 Qf7 20. Nb5 f4 21. gxf4 Bxf4 22. Be4 Qh5 23. Bxf4 Nxf4 24. Nc3 Bg4 25. Rg1 Rae8 26. Qe3 Nh3 27. Rf1 Bf3 28. Ne2 Bg2 29. Bxg2 Rxe3 30. fxe3 Rxf1+ 31. Bxf1 Qa5+ 32. Nc3 Qe5 33. Kd2 Qxh2+ 34. Be2 h5 35. Rf1 Ng1 36. Ke1 Nxe2 37. Nxe2 h4 38. d4 h3 39. Rf2 Qh1+ 40. Rf1 Qg2 41. Rf2 Qg5 42. e4 Qe3 43. e5 g5 44. Kf1 g4 45. Rf4 h2 46. Rxg4+ Kf8 47. Rh4 Qf3+ 48. Ke1 h1R+ 49. Rxh1 Qxh1+ 50. Kd2 Qe4 51. b4 b5 52. Ke1 Qe3 53. Kf1 Ke7 54. Ke1 Qxa3 55. Kf2 Qd3 56. Ke1 Qe3 57. Kf1 Ke6 58. Ke1 Kd5 59. Kd1 Ke4 0-1

[Event "EU-ch U14"]
[Site "Bratislava"]
[Date "2019.08.09"]
[Round "8"]
[White "Dahl, Max"]
[Black "Droin, Augustin"]
[Result "1/2-1/2"]
[WhiteElo "1917"]
[BlackElo "2128"]
[PlyCount "40"]
[EventDate "2019.08.02"]
[EventType "swiss"]
[EventRounds "9"]
[EventCountry "SVK"]
[SourceTitle "EXT 2020"]
[Source "ChessBase"]
[SourceDate "2019.10.17"]
[SourceVersion "1"]
[SourceVersionDate "2019.10.17"]
[SourceQuality "1"]

1. e4 c5 2. Nf3 d6 3. Nc3 Nf6 4. e5 dxe5 5. Nxe5 a6 6. g3 Qc7 7. d4 cxd4 8. Qxd4 Nc6 9. Nxc6 Qxc6 10. Bg5 Bg4 11. Bxf6 gxf6 12. Qxg4 Qxh1 13. Qa4+ b5 14. Nxb5 axb5 15. Qxb5+ Kd8 16. 0-0-0+ Kc7 17. Qd7+ Kb6 18. Qb5+ Kc7 19. Qd7+ Kb6 20. Qb5+ Kc7 1/2-1/2

[Event "EU-ch U14"]
[Site "Bratislava"]
[Date "2019.08.06"]
[Round "5"]
[White "Dahl, Max"]
[Black "Ochedzan, Tymon"]
[Result "0-1"]
[WhiteElo "1917"]
[BlackElo "2098"]
[PlyCount "152"]
[EventDate "2019.08.02"]
[EventType "swiss"]
[EventRounds "9"]
[EventCountry "SVK"]
[SourceTitle "EXT 2020"]
[Source "ChessBase"]
[SourceDate "2019.10.17"]
[SourceVersion "1"]
[SourceVersionDate "2019.10.17"]
[SourceQuality "1"]

1. c4 Nf6 2. g3 g6 3. Bg2 Bg7 4. Nc3 0-0 5. e4 d6 6. Nge2 c5 7. 0-0 Nc6 8. d3 a6 9. a3 Rb8 10. Rb1 b5 11. cxb5 axb5 12. b4 cxb4 13. axb4 Bd7 14. h3 Qc8 15. Kh2 Qa6 16. Be3 Rfc8 17. Qd2 Ra8 18. Rfc1 Be6 19. Nd5 Bxd5 20. exd5 Ne5 21. f4 Ned7 22. Nc3 Nb6 23. Qf2 Nfd7 24. Bd4 Bxd4 25. Qxd4 Qa3 26. Rc2 Qa6 27. Ra2 Qb7 28. Rxa8 Qxa8 29. Ne4 Qa2 30. Ra1 Qe2 31. Rf1 Qc2 32. Rf2 Qb1 33. Nc3 Qa1 34. Nxb5 Qxd4 35. Nxd4 Nf6 36. Rc2 Rxc2 37. Nxc2 Nfxd5 38. Bxd5 Nxd5 39. Kg2 Kf8 40. Kf3 Ke8 41. g4 Kd7 42. Ke4 e6 43. f5 g5 44. fxe6+ fxe6 45. Kf3 Nf4 46. h4 Nxd3 47. hxg5 d5 48. b5 e5 49. Ke3 Nc5 50. Ne1 d4+ 51. Ke2 e4 52. Ng2 Ne6 53. Nh4 Nxg5 54. Nf5 Nf3 55. b6 d3+ 56. Ke3 Ng5 57. Nd4 Kc8 58. Nb3 Kb7 59. Nc5+ Kxb6 60. Nxd3 exd3 61. Kxd3 Kc5 62. Ke3 Ne6 63. Ke4 Kd6 64. Kf5 Ke7 65. Ke5 Kf7 66. Kf5 h6 67. Ke5 Kg6 68. Kxe6 Kg5 69. Ke5 Kxg4 70. Ke4 h5 71. Ke3 Kg3 72. Ke2 Kg2 73. Ke3 h4 74. Kf4 h3 75. Ke3 h2 76. Kd4 h1Q 0-1

[Event "EU-ch U14"]
[Site "Bratislava"]
[Date "2019.08.02"]
[Round "1"]
[White "Dahl, Max"]
[Black "Krastev, Alexander"]
[Result "0-1"]
[WhiteElo "1917"]
[BlackElo "2329"]
[PlyCount "92"]
[EventDate "2019.08.02"]
[EventType "swiss"]
[EventRounds "9"]
[EventCountry "SVK"]
[SourceTitle "EXT 2020"]
[Source "ChessBase"]
[SourceDate "2019.10.17"]
[SourceVersion "1"]
[SourceVersionDate "2019.10.17"]
[SourceQuality "1"]

1. c4 c5 2. Nc3 g6 3. g3 Bg7 4. Bg2 Nc6 5. e4 e6 6. Nge2 Nge7 7. 0-0 0-0 8. d3 d6 9. Be3 Nd4 10. f4 Rb8 11. Rb1 a6 12. a3 b5 13. b4 cxb4 14. axb4 Nec6 15. cxb5 axb5 16. Nxd4 Bxd4 17. Bxd4 Nxd4 18. Ne2 Qb6 19. Nxd4 Qxd4+ 20. Kh1 Bd7 21. Qd2 Rfc8 22. Rfc1 Rc4 23. Bf1 Rbc8 24. Qe1 Rxc1 25. Rxc1 Rxc1 26. Qxc1 Qxb4 27. Qc7 Be8 28. Qd8 Kf8 29. Qf6 Qe1 30. Kg1 Qe3+ 31. Kg2 b4 32. f5 gxf5 33. exf5 Qe5 34. Qh6+ Ke7 35. Qxh7 Bc6+ 36. Kf2 b3 37. Qh4+ Qf6 38. d4 Qxh4 39. gxh4 Be4 40. Bc4 b2 41. Ba2 Bxf5 42. Kg3 e5 43. dxe5 dxe5 44. h5 b1Q 45. Bxb1 Bxb1 46. Kh4 Kf6 0-1